<?xml version="1.0" encoding="UTF-8"?>
<record
    xmlns:xsi="http://www.w3.org/2001/XMLSchema-instance"
    xsi:schemaLocation="http://www.loc.gov/MARC21/slim http://www.loc.gov/standards/marcxml/schema/MARC21slim.xsd"
    xmlns="http://www.loc.gov/MARC21/slim">

  <leader>02196nam a2200349uu 4500</leader>
  <controlfield tag="001">1403381</controlfield>
  <controlfield tag="005">20260508085754.0</controlfield>
  <controlfield tag="007">co|||||||</controlfield>
  <controlfield tag="008">150313s2014                        spa  </controlfield>
  <datafield tag="035" ind1=" " ind2=" ">
    <subfield code="a">1403381</subfield>
  </datafield>
  <datafield tag="040" ind1=" " ind2=" ">
    <subfield code="c">comduadb</subfield>
  </datafield>
  <datafield tag="041" ind1=" " ind2=" ">
    <subfield code="a">spa</subfield>
  </datafield>
  <datafield tag="080" ind1=" " ind2=" ">
    <subfield code="a">T/CD</subfield>
  </datafield>
  <datafield tag="082" ind1=" " ind2="4">
    <subfield code="a">155</subfield>
  </datafield>
  <datafield tag="100" ind1="1" ind2="0">
    <subfield code="a">Miranda Serpa, Lina Marcela</subfield>
    <subfield code="4">aut</subfield>
    <subfield code="e">aut</subfield>
    <subfield code="9">709838</subfield>
  </datafield>
  <datafield tag="245" ind1="1" ind2="0">
    <subfield code="a">Estrategias de afrontamiento del estr&#xE9;s empleadas por madres que cuidan a sus hijos con discapacidad fisica o cognitiva</subfield>
  </datafield>
  <datafield tag="260" ind1=" " ind2=" ">
    <subfield code="a">Medell&#xED;n :</subfield>
    <subfield code="b">Autor(a),</subfield>
    <subfield code="c">2014.</subfield>
  </datafield>
  <datafield tag="300" ind1=" " ind2=" ">
    <subfield code="a">1 CD-ROM</subfield>
  </datafield>
  <datafield tag="520" ind1="3" ind2=" ">
    <subfield code="a">Este trabajo es el resultado de investigar las estrategias de afrontamiento empleadas por madres que cuidan de sus hijos con discapacidad f&#xED;sica o cognitiva, para hacer frente al estr&#xE9;s que genera el cuidado. Tambi&#xE9;n muestra los diferentes recursos con los que cuentan estas madres para poder afrontar.
Para llegar a conocer estas estrategias y los recursos para el afrontamiento empleados por estas madres, se utiliz&#xF3; el enfoque cualitativo, con dise&#xF1;o metodol&#xF3;gico de estudio de caso, la informaci&#xF3;n se obtuvo mediante la entrevista semiestructurada y en profundidad. El an&#xE1;lisis de los datos obtenidos se realiz&#xF3; a partir de categor&#xED;as propuestas del marco te&#xF3;rico y otras que emergieron del estudio de las entrevistas.
Los resultados del an&#xE1;lisis muestran que las estrategias m&#xE1;s empleadas para afrontar el estr&#xE9;s generado en el proceso de cuidado son: b&#xFA;squeda de apoyo social, reevaluaci&#xF3;n positiva y aceptaci&#xF3;n de la responsabilidad, y entre los principales recursos con los que cuentan las cuidadoras para el afrontamiento est&#xE1;n: buena salud, apoyo social y creencias positivas.</subfield>
  </datafield>
  <datafield tag="650" ind1=" " ind2=" ">
    <subfield code="a">Afrontamiento al estr&#xE9;s</subfield>
    <subfield code="9">205162</subfield>
  </datafield>
  <datafield tag="650" ind1=" " ind2="7">
    <subfield code="a">Madres</subfield>
    <subfield code="2">lemb</subfield>
    <subfield code="9">122</subfield>
  </datafield>
  <datafield tag="650" ind1=" " ind2="7">
    <subfield code="a">Cuidadores</subfield>
    <subfield code="2">dcs</subfield>
    <subfield code="9">16570</subfield>
  </datafield>
  <datafield tag="650" ind1=" " ind2=" ">
    <subfield code="a">Discapacidad f&#xED;sica</subfield>
    <subfield code="9">149342</subfield>
  </datafield>
  <datafield tag="650" ind1=" " ind2=" ">
    <subfield code="a">Discapacidad cognitiva</subfield>
    <subfield code="9">181433</subfield>
  </datafield>
  <datafield tag="650" ind1=" " ind2=" ">
    <subfield code="a">Estrategias de afrontamiento</subfield>
    <subfield code="9">126522</subfield>
  </datafield>
  <datafield tag="650" ind1=" " ind2="7">
    <subfield code="a">Madres e hijos</subfield>
    <subfield code="2">lemb</subfield>
    <subfield code="9">42349</subfield>
  </datafield>
  <datafield tag="700" ind1="1" ind2="0">
    <subfield code="a">Villadiego Ortega, Enry David</subfield>
    <subfield code="4">aut</subfield>
    <subfield code="e">aut</subfield>
    <subfield code="9">699905</subfield>
  </datafield>
  <datafield tag="700" ind1="1" ind2="0">
    <subfield code="a">Salazar Vel&#xE1;squez, Javier Ignacio</subfield>
    <subfield code="4">ths</subfield>
    <subfield code="e">ths</subfield>
    <subfield code="9">310525</subfield>
  </datafield>
  <datafield tag="942" ind1=" " ind2=" ">
    <subfield code="c">TESIS</subfield>
  </datafield>
  <datafield tag="999" ind1=" " ind2=" ">
    <subfield code="c">705138</subfield>
    <subfield code="d">705138</subfield>
  </datafield>
  <datafield tag="502" ind1=" " ind2=" ">
    <subfield code="b">105</subfield>
    <subfield code="c">12</subfield>
  </datafield>
  <datafield tag="526" ind1=" " ind2=" ">
    <subfield code="a">106</subfield>
  </datafield>
  <datafield tag="952" ind1=" " ind2=" ">
    <subfield code="0">0</subfield>
    <subfield code="1">0</subfield>
    <subfield code="4">0</subfield>
    <subfield code="7">0</subfield>
    <subfield code="8">DIGITAL</subfield>
    <subfield code="a">CISH</subfield>
    <subfield code="b">CISH</subfield>
    <subfield code="d">2015-03-13</subfield>
    <subfield code="e">Material adquirido por donaci&#xF3;n</subfield>
    <subfield code="i">C1222831</subfield>
    <subfield code="l">0</subfield>
    <subfield code="o">T/CD-10815</subfield>
    <subfield code="p">15986504</subfield>
    <subfield code="r">2023-05-03 00:00:00</subfield>
    <subfield code="t">1</subfield>
    <subfield code="w">2023-05-03</subfield>
    <subfield code="y">DIGITAL</subfield>
  </datafield>
  <datafield tag="952" ind1=" " ind2=" ">
    <subfield code="0">0</subfield>
    <subfield code="1">0</subfield>
    <subfield code="4">0</subfield>
    <subfield code="7">0</subfield>
    <subfield code="8">DIGITAL</subfield>
    <subfield code="a">CAUCA</subfield>
    <subfield code="b">CAUCA</subfield>
    <subfield code="d">2015-06-05</subfield>
    <subfield code="e">Material adquirido por donaci&#xF3;n</subfield>
    <subfield code="i">C1227049</subfield>
    <subfield code="l">0</subfield>
    <subfield code="o">155.9042 M672 CD-ROM</subfield>
    <subfield code="p">0993546</subfield>
    <subfield code="r">2023-05-03 00:00:00</subfield>
    <subfield code="t">2</subfield>
    <subfield code="w">2023-05-03</subfield>
    <subfield code="y">DIGITAL</subfield>
  </datafield>
</record>
